[Event "IRI-ch U16"]
[Site "Chess.com INT"]
[Date "2021.01.16"]
[Round "11"]
[White "Karami, Aria"]
[Black "Zafar Kargar, Yazdi Erfan"]
[Result "1-0"]
[WhiteElo "1246"]
[BlackElo "1402"]
[PlyCount "65"]
[EventDate "2021.01.16"]
[EventType "swiss"]
[EventRounds "11"]
[EventCountry "IRI"]
[SourceTitle "EXT 2022"]
[Source "ChessBase"]
[SourceDate "2021.10.06"]
[SourceVersion "1"]
[SourceVersionDate "2021.10.06"]
[SourceQuality "1"]

1. g3 e6 2. Bg2 d5 3. d4 c5 4. c3 Nc6 5. Nf3 Qb6 6. 0-0 Nf6 7. e3 Qc7 8. Nbd2 b6 9. Qc2 Bb7 10. a3 a5 11. Re1 Bd6 12. h4 Ng4 13. e4 0-0 14. e5 Be7 15. Bh3 h5 16. Bxg4 hxg4 17. Nh2 Qd8 18. dxc5 Bxc5 19. Nxg4 Rc8 20. Nf3 Be7 21. Bg5 Bxg5 22. Nxg5 g6 23. Nf6+ Kg7 24. f4 Nd4 25. Qf2 Nb3 26. Rad1 Ba6 27. h5 Qe7 28. hxg6 fxg6 29. Qxb6 Nc5 30. b4 Rb8 31. Qxc5 Qxc5+ 32. bxc5 Rb3 33. Nxe6+ 1-0